000 00478nam a2200181Ia 4500
005 20250326141218.0
008 250326s9999 xx 000 0 und d
037 _aTextbook
040 _aFMSL
_beng
_cFMSL
041 _aeng
_2eng
084 _qFMSL
100 _aKapila Uma, Ed.
245 0 _aAfter four years of economic reforms
_cKapila Uma, Ed.
260 _aDelhi
_bDelhi, Academic Foundation
_c1995
300 _a359p
942 _cTB
999 _c1289244
_d1289244